000 00619nam a2200241 i 4500
001 C2-0018029
003 PPAK
005 20190630221944.0
008 970201s1994 my a|||| ||||| | may d
020 _a983967451X
040 _aPPAK
_beng
_cPPAK
_erda
082 0 4 _a398.2
_223
090 0 0 _a398.2
_bDIT
_dK
245 0 0 _aDitipu pari-pari
264 1 _aKuala Lumpur :
_bKreatif ,
_c1994
300 _a32 pages :
_billustrations ;
_c19 cm
336 _2rdacontent
_atext
337 _2rdamedia
_aunmediated
338 _2rdacarrier
_avolume
650 1 0 _aTales
700 0 _aSyed Hamzah,
_ecompile
942 _ddc
_cB
999 _c4098
_d4098